000
00315nam a2200145Ia 4500
008
090124s9999 xx 000 0 und d
082
_b
203042
245
_a
MUDRA RAKSHASA
250
_a
1
260
_b
I.C.R
_c
1986
300
_a
90
630
_a
MUDRA RAKSHASA
730
_a
MUDRA RAKSHASA
942
_c
BOOK
999
_c
184623
_d
184623